[Event "13th World University Championship - MEN"]
[Site "Katowice"]
[Date "2014.08.22"]
[Round "6"]
[White "Belous, Vladimir"]
[Black "Swiercz, Dariusz"]
[Result "1/2-1/2"]
[LiveChessVersion "1.4.4"]
[BlackElo "2611"]
[WhiteElo "2584"]

1. c4  e5  2. Nc3  Nf6
 3. Nf3  Nc6  4. g3
 d5  5. cxd5  Nxd5
 6. Bg2  Nb6  7. O-O
 Be7  8. d3  O-O 
9. a3  Be6  10. b4  a5
 11. b5  Nd4  12. Bb2
 Nxf3+  13. Bxf3  Rb8
 14. Rc1  f6  15. Qc2
 Qd7  16. Rfd1  Rfc8
 17. d4  exd4  18. e3
 Bf5  19. Be4  Bxe4
 20. Qxe4  f5  21. Qc2
 c5  22. bxc6  Rxc6
 23. Rxd4  Qe6  24. Rf4
 Nc4  25. Ba1  Nxa3
 26. Qxf5  Qxf5  27. Rxf5
 Bb4  28. Ne2  Rxc1+
 29. Nxc1  Rd8  30. Bd4
 Nc2  31. Rb5  Nxd4
 32. exd4  Rxd4  33. Nb3
 Rd1+  34. Kg2  b6
 35. Rxb6  Rd5  36. Rb7
 Bc3  37. Rc7  Bb4
 38. Ra7  h5  39. h4
 Kh7  40. Ra6  Rd3
 41. Nxa5  Ra3  42. Nc6
 Rxa6  43. Nxb4  Ra3
 44. Nd5  g6  45. Nf4
 Kg7  46. Nd5  Kf7
 47. Nf4  Kf6  48. Nd5+
 Ke5  49. Nf4  Kf5
 50. Nd5  Ke4  51. Nf4
 Ra6  52. Nh3  Rf6
 53. Nf4  Rd6  54. Nh3
 Rb6  55. Nf4  Kf5
 56. Nh3  Rb4  57. Ng5
 Ra4  58. Nh3  Rb4
 59. Ng5  Ra4  60. Nh3
 Rb4  1/2-1/2

[Event "13th World University Championship - MEN"]
[Site "Katowice"]
[Date "2014.08.22"]
[Round "6"]
[White "Munkhgal, Gombosuren"]
[Black "Andriasian, Zaven"]
[Result "0-1"]
[LiveChessVersion "1.4.4"]
[BlackElo "2628"]
[WhiteElo "2418"]

1. d4  Nf6  2. c4  c5
 3. d5  e6  4. Nc3
 exd5  5. cxd5  d6
 6. Nf3  g6  7. Bf4
 a6  8. Nd2  b5 
9. a4  Nh5  10. Be3  f5
 11. g4  fxg4  12. axb5
 Bg7  13. Nce4  Bf5
 14. bxa6  O-O  15. a7
 Nd7  16. Nxd6  Bxb2
 17. Ra2  Bd4  18. Qb3
 c4  19. N2xc4  Nc5
 20. Qb4  Bxe3  21. fxe3
 Qh4+  22. Kd2  Ne4+
 23. Nxe4  Bxe4  24. Rg1
 Bxd5  25. Bg2  Bxg2
 26. Rxg2  Rfd8+  27. Nd6
 Qe7  28. Ra6  Nf6
 29. Ke1  Rxa7  30. Qc4+
 Kg7  31. Rxa7  Qxa7
 32. Ne4  Qa1+  33. Kf2
 Rf8  34. Nxf6  Rxf6+
 35. Kg3  h5  36. h3
 Qe5+  37. Kh4  g5+
 38. Kxh5  Rh6+  39. Kxg4
 Rh4+  0-1

[Event "13th World University Championship - MEN"]
[Site "Katowice"]
[Date "2014.08.22"]
[Round "6"]
[White "Carlos Arriaga, Jesus Roberto"]
[Black "Tomczak, Jacek"]
[Result "0-1"]
[LiveChessVersion "1.4.4"]
[BlackElo "2562"]
[WhiteElo "2118"]

1. Nf3  Nf6  2. c4  g6
 3. Nc3  d5  4. cxd5
 Nxd5  5. e4  Nxc3
 6. dxc3  Qxd1+  7. Kxd1
 Nd7  8. Bf4  Nc5
 9. Nd2  Bd7  10. Bxc7
 Bh6  11. f3  Rc8
 12. Be5  O-O  13. b3
 Rfd8  14. Ke1  Bb5
 15. Nc4  Nd3+  16. Bxd3
 Rxd3  17. Rd1  Rxd1+
 18. Kxd1  f6  19. Bg3
 Bxc4  20. bxc4  Rd8+
 21. Kc2  Rd2+  22. Kb3
 Be3  23. Rb1  Rxg2
 24. Rd1  Rd2  25. Rxd2
 Bxd2  26. Bf2  Bf4
 27. h3  Bb8  28. Kb4
 Kf7  29. Kb5  Ke6
 30. a4  Kd7  31. a5
 a6+  32. Kb6  Kc8
 33. Bc5  Bc7+  34. Ka7
 Bxa5  35. Bxe7  Bxc3
 36. Kb6  Be5  37. Kc5
 Kd7  38. Bf8  Bc7
 39. Kd5  a5  40. Ba3
 Be5  41. Bc1  b6
 42. f4  Bd6  43. f5
 Be5  44. fxg6  hxg6
 45. Ba3  a4  46. Bc1
 Ba1  47. c5  bxc5
 48. Kxc5  Ke6  49. Kb4
 Ke5  50. Kxa4  Kxe4
 51. Kb3  Kf3  52. Kc4
 Kg3  53. Kd3  Kxh3
 54. Ke4  Kg4  55. Ke3
 f5  56. Kf2  f4 
57. Ba3  Kf5  58. Bd6  g5
 0-1

[Event "13th World University Championship - MEN"]
[Site "Katowice"]
[Date "2014.08.22"]
[Round "6"]
[White "Piorun, Kacper"]
[Black "Petrosyan, Tigran S."]
[Result "1/2-1/2"]
[LiveChessVersion "1.4.4"]
[BlackElo "2421"]
[WhiteElo "2560"]

1. Nf3  Nf6  2. c4  e6
 3. Nc3  d5  4. e3
 c5  5. d4  Nc6 
6. a3  a6  7. h3  dxc4
 8. Bxc4  b5  9. Ba2
 Bb7  10. O-O  Rc8
 11. Qe2  Qb6  12. Rd1
 Be7  13. dxc5  Qxc5
 14. e4  Ne5  15. Be3
 Nxf3+  16. Qxf3  Qc7
 17. Rac1  Qb8  18. Bf4
 Qa8  19. Bb1  O-O
 20. Qe2  Rfd8  21. Rxd8+
 Rxd8  22. Bg3  Nd7
 23. Kh2  Nb6  24. Bc7
 Bd6+  25. Bxd6  Rxd6
 26. e5  Rd4  27. Qe3
 Qd8  28. b3  Rd7
 29. Ne4  Bxe4  30. Bxe4
 g6  31. Rc6  Nd5
 32. Bxd5  Rxd5  33. Rxa6
 Kg7  34. Rc6  Rd3
 35. Qc5  Rd5  36. Qe3
 Rd3  37. Qc1  Rxb3
 38. Rd6  Qh4  39. Qc5
 Qf4+  40. g3  Rc3
 1/2-1/2

[Event "13th World University Championship - MEN"]
[Site "Katowice"]
[Date "2014.08.22"]
[Round "6"]
[White "Klekowski, Maciej"]
[Black "Olszewski, Michal"]
[Result "1/2-1/2"]
[LiveChessVersion "1.4.4"]
[BlackElo "2555"]
[WhiteElo "2383"]

1. c4  Nf6  2. g3  g6
 3. Nc3  Bg7  4. Bg2
 O-O  5. Nf3  d5 
6. cxd5  Nxd5  7. O-O  Nc6
 8. d4  Nb6  9. d5
 Na5  10. e4  c6 
11. Nd4  cxd5  12. exd5  e6
 13. Nb3  Nac4  14. dxe6
 Bxe6  15. Bxb7  Qxd1
 16. Rxd1  Rad8  17. Bg5
 Rb8  18. Nc5  Nxb2
 19. Rdc1  N2a4  20. N3xa4
 Bxa1  21. Rxa1  Nxa4
 22. Nxe6  fxe6  23. Ba6
 Nc3  24. Be3  Rb1+
 25. Rxb1  Nxb1  26. Bc4
 Kf7  27. Bxa7  Ra8
 28. Be3  Nc3  29. Kg2
 Nxa2  30. Bxa2  Rxa2
 31. Bd4  g5  32. Be3
 g4  33. Bd4  Kg6
 34. Be3  Kf5  35. Bd4
 Ke4  36. Be3  Ra3
 37. Bc5  Rb3  38. Ba7
 e5  39. Bc5  Kd5
 40. Be7  Kd4  41. Bg5
 e4  42. Bf4  Rf3
 43. Bh6  Kd3  44. Kf1
 Kc2  45. Bg5  Rb3
 46. Bh6  Rb1+  47. Kg2
 Re1  48. Bg5  Kd1
 49. Bh6  Re2  50. Kf1
 Re1+  51. Kg2  Ke2
 52. Be3  Rb1  53. Bc5
 Rb5  54. Be3  Rb3
 55. Bc5  Rf3  56. Bd4
 Kd3  57. Bb6  Kc4
 58. Ba7  Rb3  59. Kf1
 Ra3  60. Bb6  Kd5
 61. Kg2  Kc4  62. Kf1
 Ra1+  63. Kg2  Rd1
 64. Be3  Kd3  65. Bc5
 Rd2  66. Bb6  Rb2
 67. Ba7  Rb1  68. Be3
 Kc4  69. Ba7  Ra1
 70. Bb6  Ra3  71. Kf1
 Rb3  72. Ba7  Rd3
 73. Kg2  Rb3  1/2-1/2

[Event "13th World University Championship - MEN"]
[Site "Katowice"]
[Date "2014.08.22"]
[Round "6"]
[White "Krejci, Jan"]
[Black "Gergacz, Attila"]
[Result "1-0"]
[LiveChessVersion "1.4.4"]
[BlackElo "2374"]
[WhiteElo "2531"]

1. d4  b6  2. e4  Bb7
 3. Bd3  e6  4. Nf3
 d5  5. e5  c5 
6. c3  Nc6  7. O-O  Be7
 8. Be3  Nh6  9. Nbd2
 cxd4  10. Bxh6  gxh6
 11. Nxd4  Nxe5  12. Bb5+
 Nd7  13. Qh5  O-O
 14. Bxd7  Qxd7  15. N2f3
 Bd6  16. Rfe1  Rae8
 17. Ne5  Bxe5  18. Rxe5
 f6  19. Qg4+  Kh8
 20. Rxe6  Rg8  21. Qf5
 Rxe6  22. Nxe6  Rg6
 23. g3  Bc8  24. Re1
 Kg8  25. Qd3  Qxe6
 26. Rxe6  Bxe6  27. Qb5
 Kf8  28. Qc6  Ke7
 29. Qb7+  Bd7  30. Qxd5
 Rg5  31. Qe4+  Kd6
 32. Qxh7  h5  33. Qf7
 Rf5  34. f4  a5 
35. Kf2  h4  36. Ke3  1-0

[Event "13th World University Championship - MEN"]
[Site "Katowice"]
[Date "2014.08.22"]
[Round "6"]
[White "Spalir, Jernej"]
[Black "Batchuluun, Tsegmed"]
[Result "0-1"]
[LiveChessVersion "1.4.4"]
[BlackElo "2513"]
[WhiteElo "2243"]

1. d4  Nf6  2. c4  e6
 3. Nf3  Bb4+  4. Bd2
 c5  5. Bxb4  cxb4
 6. g3  O-O  7. Bg2
 d6  8. O-O  a5 
9. a3  Na6  10. axb4  Nxb4
 11. Na3  Bd7  12. Ne1
 Qc7  13. Nd3  e5
 14. d5  Rfc8  15. e4
 Rab8  16. Qd2  Nxd3
 17. Qxd3  Qc5  18. Rfc1
 b5  19. Bf1  b4 
20. Nb5  a4  21. Re1  Ra8
 22. Qd1  Bxb5  23. cxb5
 b3  24. Bd3  Qd4
 25. Qe2  Nd7  26. Rac1
 Rxc1  27. Rxc1  Nc5
 28. Bb1  a3  29. bxa3
 Rxa3  30. Rc4  Qa1
 31. Qf1  Ra4  32. Rxa4
 Qxa4  33. Qh3  g6
 34. b6  Qb4  35. Qc8+
 Kg7  36. Kg2  Qxb6
 37. Qc6  Qxc6  38. dxc6
 Ne6  39. Kf1  Kf8
 40. Ke1  Ke7  41. Kd2
 Kd8  42. Kc3  Nc5
 43. Kc4  Kc7  44. Kd5
 g5  45. h3  h5 
46. f4  exf4  47. gxf4  gxf4
 48. e5  dxe5  0-1

[Event "13th World University Championship - MEN"]
[Site "Katowice"]
[Date "2014.08.22"]
[Round "6"]
[White "Lou, Yiping"]
[Black "Chen, Peng"]
[Result "1-0"]
[LiveChessVersion "1.4.4"]
[BlackElo "2198"]
[WhiteElo "2466"]

1. d4  c5  2. d5  f5
 3. g3  Nf6  4. Bg2
 d6  5. Nh3  g6 
6. O-O  Bg7  7. a4  O-O
 8. Nf4  Na6  9. Nc3
 Nc7  10. e4  fxe4
 11. Nxe4  Nxe4  12. Bxe4
 Bf5  13. Re1  Bxe4
 14. Rxe4  Qd7  15. Qe2
 Rae8  16. Bd2  Qf5
 17. g4  Qf6  18. c4
 Qxb2  19. Re1  Rf7
 20. Qd3  Qa2  21. a5
 Qa4  22. h4  b5 
23. axb6  axb6  24. Rb1  Rb8
 25. h5  gxh5  26. Nxh5
 Qd7  27. Nxg7  Rxg7
 28. f3  b5  29. Bc3
 Rg6  30. Ba1  b4
 31. Rbe1  Re8  32. Qe2
 e5  33. dxe6  Rgxe6
 34. Qb2  Re5  35. Rxe5
 dxe5  36. Rxe5  Qd4+
 37. Qxd4  cxd4  38. Rxe8+
 Nxe8  39. Bxd4  Kf7
 40. Kf2  Nd6  41. c5
 Nb5  42. Ke3  Ke6
 43. Ke4  Na3  44. f4
 b3  45. f5+  Kd7
 46. Kd3  Nc2  47. Bb2
 Ke7  48. g5  Kf7
 49. Bc3  Ke7  50. c6
 1-0

[Event "13th World University Championship - MEN"]
[Site "Katowice"]
[Date "2014.08.22"]
[Round "6"]
[White "Tomazini, Zan"]
[Black "Stankovic, Milos"]
[Result "1-0"]
[LiveChessVersion "1.4.4"]
[BlackElo "2416"]
[WhiteElo "2371"]

1. e4  e6  2. d4  d5
 3. Nd2  h6  4. Ngf3
 Nf6  5. e5  Nfd7
 6. Bd3  c5  7. c3
 Nc6  8. O-O  g5 
9. Kh1  Qb6  10. dxc5  Nxc5
 11. Bc2  g4  12. Nd4
 Nxe5  13. Qe2  Nc6
 14. f4  Nd7  15. N2b3
 Nxd4  16. cxd4  Nf6
 17. f5  Ne4  18. Bxe4
 dxe4  19. Qxe4  Qc6
 20. Qe5  Rg8  21. Bf4
 b6  22. fxe6  Bxe6
 23. Rae1  Rd8  24. Qh5
 Rd5  25. Qh4  Rg6
 26. Rc1  Qb5  27. Rfe1
 Be7  28. Qf2  h5
 29. Rc7  Rd7  30. Re5
 Qd3  31. Rc3  Qb1+
 32. Nc1  Rd5  33. Qe2
 Rxd4  34. Be3  Re4
 35. Rxh5  Kf8  36. Qd2
 Rc4  37. Rxc4  Bxc4
 38. Qd4  Rf6  39. Qxc4
 Kg8  40. Qxg4+  Rg6
 41. Qc8+  Bf8  42. Bd4
 f6  43. Qc4+  Kg7
 44. Qc7+  1-0

[Event "13th World University Championship - MEN"]
[Site "Katowice"]
[Date "2014.08.22"]
[Round "6"]
[White "Grandadam, Nicolas"]
[Black "Barbosa, Evandro Amorim"]
[Result "1-0"]
[LiveChessVersion "1.4.4"]
[BlackElo "2446"]
[WhiteElo "2307"]

1. b3  e5  2. Bb2  Nc6
 3. e3  Nf6  4. Bb5
 Bd6  5. Na3  e4 
6. Nc4  Be7  7. Bxc6  dxc6
 8. Ne2  Be6  9. O-O
 Qd7  10. Ne5  Qd6
 11. d3  Ng4  12. d4
 f6  13. Nxg4  Bxg4
 14. Qe1  Bf5  15. a4
 Qd7  16. Ba3  Bxa3
 17. Rxa3  O-O  18. a5
 Qe7  19. Ra1  Rae8
 20. Qc3  Bd7  21. Qc5
 Qxc5  22. dxc5  Re5
 23. b4  Bg4  24. Nd4
 a6  25. Rfe1  h5
 26. f4  exf3  27. gxf3
 Bh3  28. Kf2  g5
 29. Rad1  Rfe8  30. e4
 Kf7  31. Re2  h4
 32. Rde1  Bc8  33. c3
 Rg8  34. Rg1  Bh3
 35. Re3  Bc8  36. Re2
 Bd7  37. Rd2  g4
 38. Re2  Reg5  39. fxg4
 Rxg4  40. Rxg4  Rxg4
 41. e5  Rf4+  42. Ke1
 fxe5  43. Rxe5  Bg4
 44. Re3  h3  45. Ne2
 Rf6  46. Ng1  Re6
 47. Kf2  Rh6  48. Kg3
 Be6  49. Kf2  Kf6
 50. Ne2  Rh4  51. Rf3+
 Ke5  52. Nd4  Bd7
 53. Re3+  Re4  54. Nf3+
 Kf4  55. Rd3  Bg4
 56. Ng1  Kf5  57. Nxh3
 Kf6  58. Kg3  Bf5
 59. Nf2  Re1  60. Rf3
 Rg1+  61. Kf4  Rc1
 62. Ng4+  Kg6  63. h3
 Re1  64. Ne3  Be6
 65. Rg3+  Kf6  66. Ng4+
 Ke7  67. Kg5  Rf1
 68. Ne3  Rf8  69. h4
 Rg8+  70. Kf4  Rh8
 71. Ke5  Kf7  72. Rf3+
 Ke7  73. Rf4  Rh5+
 74. Ke4  Rh8  75. Nf5+
 Kd7  76. Ng7  Bb3
 77. Ke5  Ke7  78. Nf5+
 Kd7  79. Rd4+  Ke8
 80. Kf6  Rf8+  81. Kg5
 Rg8+  82. Kf4  Rf8
 83. Re4+  Kd7  84. Re7+
 Kd8  85. Re5  Rh8
 86. Kg5  Bd1  87. Re4
 Bc2  88. Rd4+  Ke8
 89. Ng7+  Ke7  90. h5
 Rf8  91. Rd2  Bb1
 92. Rd1  Bc2  93. Re1+
 Kd7  94. Re3  Rf1
 95. Rg3  Ke7  96. h6
 Kf7  97. Rg2  Bb1
 98. Rg3  Rf6  99. Rh3
 Bh7  100. Rh4  Rg6+
 101. Kh5  Rf6  102. Rd4
 Ke7  103. Rd1  Rf3
 104. Re1+  Kd7  105. Ne8
 Rf5+  106. Kg4  Rf8
 107. Ng7  Rf6  108. Rh1
 Ke7  109. Rh3  Kd7
 110. Kg5  Rg6+  111. Kh5
 Rf6  112. Rg3  Ke7
 113. Re3+  Kd7  114. Ne8
 Rf5+  115. Kg4  Rf8
 116. Ng7  Rf6  117. Kh5
 Rf1  118. Kg5  Rg1+
 119. Kh5  Rh1+  120. Kg5
 Rg1+  121. Kh4  Rh1+
 122. Rh3  Rg1  123. Rf3
 Rh1+  124. Kg5  Rg1+
 125. Kh4  Rh1+  126. Rh3
 Rg1  127. Rg3  Rf1
 128. Kg5  Ke7  129. Nh5
 Kf7  130. Rg4  Ke7
 131. Rg3  Kf7  132. Nf4
 Rf2  133. Nh3  Rf1
 134. Kh4  Bg6  135. Rf3+
 Rxf3  136. Ng5+  Kf6
 137. Nxf3  Ke6  138. Kg5
 Bh7  139. Kf4  Kd5
 140. Ng5  Bb1  141. Ke3
 Kc4  142. Kd2  Kb5
 143. h7  Bxh7  144. Nxh7
 b6  145. cxb6  cxb6
 146. c4+  1-0

[Event "13th World University Championship - MEN"]
[Site "Katowice"]
[Date "2014.08.22"]
[Round "6"]
[White "Garcia Guerrero, Isaac Antonio"]
[Black "Galmandakh, Badrakh"]
[Result "1-0"]
[LiveChessVersion "1.4.4"]
[BlackElo "2264"]
[WhiteElo "2300"]

1. d4  d6  2. e4  e5
 3. Nf3  Nd7  4. Bc4
 c6  5. O-O  Be7 
6. Nc3  Ngf6  7. a4  a5
 8. Re1  O-O  9. b3
 exd4  10. Qxd4  Ng4
 11. Ba3  Nge5  12. Be2
 Nxf3+  13. Bxf3  Nc5
 14. Rad1  Qc7  15. e5
 Ne6  16. Qc4  Rd8
 17. exd6  Bxd6  18. Rxd6
 Rxd6  19. Nb5  cxb5
 20. Qxc7  Nxc7  21. Bxd6
 Ne6  22. axb5  a4
 23. bxa4  Rxa4  24. Bd5
 h5  25. h3  Kh7 
26. c4  Kh6  27. b6  Ra2
 28. f4  g6  29. Be5
 Ra6  30. Rb1  f6
 31. Bd6  g5  32. fxg5+
 Kxg5  33. Re1  Nd4
 34. Re8  Bd7  35. Re7
 Bc6  36. Bxc6  Rxb6
 37. Rg7+  Kf5  38. Bd7+
 Ke4  39. Re7+  Kd3
 40. c5  Rb1+  41. Kh2
 h4  42. Bc8  b5 
43. cxb6  Rb2  44. Ba6+  Kd2
 45. b7  1-0

[Event "13th World University Championship - MEN"]
[Site "Katowice"]
[Date "2014.08.22"]
[Round "6"]
[White "Kobayashi, Atsuhiko"]
[Black "Gloor, Roger"]
[Result "0-1"]
[LiveChessVersion "1.4.4"]
[BlackElo "2364"]
[WhiteElo "2089"]

1. d4  Nf6  2. c4  e6
 3. Nf3  c5  4. d5
 exd5  5. cxd5  d6
 6. Nc3  g6  7. Bf4
 Bg7  8. Qa4+  Bd7
 9. Qb3  b5  10. Nxb5
 Qa5+  11. Nc3  O-O
 12. Nd2  Na6  13. Bxd6
 Rab8  14. Qc2  Nb4
 15. Qc1  Bf5  16. e4
 Nxe4  17. Nc4  Qd8
 18. Bxf8  Qxf8  19. Ne3
 Re8  20. Be2  Nxf2
 21. Qd2  Nxh1  22. a3
 Bh6 0-1

[Event "13th World University Championship - MEN"]
[Site "Katowice"]
[Date "2014.08.22"]
[Round "6"]
[White "Tanaka, Toshiki"]
[Black "Nuri, Kambez"]
[Result "0-1"]
[LiveChessVersion "1.4.4"]
[BlackElo "2322"]
[WhiteElo "1848"]

1. e4  c5  2. Nf3  d6
 3. d4  cxd4  4. Nxd4
 Nf6  5. Nc3  Nc6
 6. Be2  e5  7. Nb3
 Be7  8. O-O  O-O
 9. f4  a5  10. Be3
 a4  11. Nd2  exf4
 12. Rxf4  a3  13. b3
 d5  14. exd5  Nb4
 15. Nc4  Nfxd5  16. Nxd5
 Nxd5  17. Rd4  Be6
 18. Rd3  b5  19. Bf2
 Bf6  20. Rc1  bxc4
 21. bxc4  Nc3  22. Rxd8
 Rfxd8  23. Qe1  Nxa2
 24. Bf3  Nxc1  0-1

[Event "13th World University Championship - MEN"]
[Site "Katowice"]
[Date "2014.08.22"]
[Round "6"]
[White "Ayala Pena, Eduardo Azael"]
[Black "Oliveira, Fernando Henrique"]
[Result "1-0"]
[LiveChessVersion "1.4.4"]
[BlackElo "2178"]
[WhiteElo "2190"]

1. d4  Nf6  2. Bg5  Ne4
 3. h4  c5  4. d5
 Qb6  5. Nd2  Nxd2
 6. Bxd2  e5  7. Bc3
 d6  8. e4  Qc7 
9. g3  Be7  10. f4  Nd7
 11. Nf3  exf4  12. gxf4
 Bf6  13. Qd2  O-O
 14. O-O-O  Re8  15. Re1
 a6  16. e5  dxe5
 17. fxe5  Nxe5  18. Qh2
 Bf5  19. Nxe5  b5
 20. Nd3  Qxh2  21. Rxh2
 c4  22. Ne5  Rad8
 23. Bg2  b4  24. Bd4
 b3  25. axb3  cxb3
 26. c4  g5  27. Rhh1
 Rc8  28. Nc6  Rxe1+
 29. Rxe1  1-0

[Event "13th World University Championship - MEN"]
[Site "Katowice"]
[Date "2014.08.22"]
[Round "6"]
[White "Bornheim, Darren"]
[Black "Mafanya, Kulasande"]
[Result "0-1"]
[LiveChessVersion "1.4.4"]
[BlackElo "1847"]
[WhiteElo "1792"]

1. d4  Nf6  2. c4  e6
 3. Nf3  c5  4. d5
 exd5  5. cxd5  d6
 6. Nc3  g6  7. e4
 Bg7  8. Bd3  O-O
 9. O-O  a6  10. a4
 Bg4  11. Qb3  Bxf3
 12. Qxb7  Qd7  13. Qxd7
 Nbxd7  14. gxf3  Rfb8
 15. a5  Nh5  16. Na4
 Be5  17. Ra3  Bf4
 18. Rd1  Rb4  19. Bf1
 Ra7  20. Kg2  Kg7
 21. Bd2  Bxd2  22. Rxd2
 Nf4+  23. Kg3  g5
 24. b3  Ne5  25. Nb6
 h5  26. h4  Nfg6
 27. Be2  f5  28. Nc4
 f4+  29. Kh3  g4+
 30. fxg4  f3  31. Bf1
 hxg4+  32. Kg3  Nxc4
 33. Bxc4  Ne5  34. Rc2
 Kf6  35. Kf4  Rb8
 36. Ra1  Rf8  37. Rb1
 Rh7  38. Kg3  Rxh4
 39. Kxh4  Rh8+  40. Kg3
 Nxc4  41. Kxg4  Ne5+
 42. Kf4  Rh4+  43. Ke3
 Rh8  44. b4  Rb8
 45. Rcc1  cxb4  46. Rb3
 Rb5  47. Rcb1  Rxa5
 48. Rxb4  Ra2  49. Re1
 Ra3+  50. Kd4  Rd3# 0-1

[Event "13th World University Championship - MEN"]
[Site "Katowice"]
[Date "2014.08.22"]
[Round "6"]
[White "Malgie, Avikaar"]
[Black "Chettiar, Evasan"]
[Result "0-1"]
[LiveChessVersion "1.4.4"]
[BlackElo "1869"]
[WhiteElo "1829"]

1. d4  Nf6  2. Nf3  d5
 3. c4  c6  4. cxd5
 cxd5  5. Nc3  Nc6
 6. g3  Bf5  7. Nh4
 Bg4  8. h3  Bh5 
9. g4  Bg6  10. Nxg6  hxg6
 11. Bg2  Qb6  12. e3
 e6  13. Kf1  Be7
 14. Kg1  Rc8  15. Na4
 Qc7  16. Bd2  Nd7
 17. Rc1  a5  18. e4
 dxe4  19. Bxe4  O-O
 20. d5  exd5  21. Bxd5
 Qd6  22. Be3  Nf6
 23. Bb3  Qe5  24. Qf3
 Nd4  25. Bxd4  Rxc1+
 26. Kg2  Qc7  27. Rxc1
 Qxc1  28. Qxb7  Qf4
 29. Be3  Qe5  30. Qc6
 Rb8  31. Qc4  Rf8
 32. Bd2  Bd6  33. f4
 Qe8  34. Bxa5  Qa8+
 0-1

[Event "13th World University Championship - MEN"]
[Site "Katowice"]
[Date "2014.08.22"]
[Round "6"]
[White "Hardwarsingh, Vishay"]
[Black "Katsuta, Yuki"]
[Result "0-1"]
[LiveChessVersion "1.4.4"]
[BlackElo "1917"]
[WhiteElo "1596"]

1. e4  e6  2. Nf3  d5
 3. exd5  exd5  4. d4
 Bd6  5. Bd3  Bg4
 6. h3  Bh5  7. Be3
 Nc6  8. c3  Qd7 
9. Nbd2  Nf6  10. Qc2  Bg6
 11. Bxg6  hxg6  12. O-O-O
 O-O-O  13. Rde1  Rde8
 14. Kb1  Qf5  15. Qxf5+
 gxf5  16. Bg5  Ne4
 17. Nxe4  fxe4  18. Nd2
 f6  19. Be3  Nd8
 20. h4  f5  21. g3
 Ne6  22. a3  f4 
23. gxf4  Bxf4  24. c4  c6
 25. cxd5  cxd5  26. Reg1
 Re7  27. Rg4  Rf7
 28. Rc1+  Kd7  29. Nb3
 b6  30. Bxf4  Rxf4
 31. Rxf4  Nxf4  32. Rg1
 Ne6  33. Rg4  Rf8
 34. Rg2  Rf4  35. Rh2
 Rf3  36. Nd2  Rd3
 37. Nf1  Rd1+  0-1

[Event "13th World University Championship - MEN"]
[Site "Katowice"]
[Date "2014.08.22"]
[Round "6"]
[White "Frijde, Joel"]
[Black "Sikivou, Taione"]
[Result "0-1"]
[LiveChessVersion "1.4.4"]
[BlackElo "1817"]
[WhiteElo "1696"]

1. f4  Nf6  2. Nf3  g6
 3. e3  Bg7  4. Be2
 c5  5. O-O  O-O 
6. d4  d5  7. Ne5  Nc6
 8. Nd2  cxd4  9. Nxc6
 bxc6  10. exd4  Qb6
 11. Nb3  Ne4  12. c3
 a5  13. Kh1  a4 
14. Nd2  c5  15. Nxe4  dxe4
 16. d5  Rd8  17. Qc2
 f5  18. Rd1  Bb7
 19. Bc4  Rd6  20. Be3
 Qa5  21. Qf2  Rc8
 22. a3  Ba6  23. Qe2
 Kf8  24. Rd2  Ke8
 25. Rad1  Kd7  26. Bxa6
 Qxa6  27. Qf2  Qc4
 28. Qh4  h5  29. Qf2
 Bf6  30. h4  Rb6
 31. g3  Kd6  32. Kg2
 Rb3  33. Re1  Rcb8
 34. Ree2  R8b5  35. Kh2
 Rb6  36. Kg2  Qb5
 37. Kh2  Qa5  38. Kg2
 Bxc3  39. bxc3  Rxc3
 40. Rc2  Rxc2  41. Rxc2
 Rb5  42. Qe2  Qb6
 43. Qc4  Qa5  44. Bd4
 Qb6  45. Be5+  Kd7
 46. Qxa4  Qa5  47. Qc4
 e3  48. Re2  Rb1
 49. Rxe3  Qd2+  50. Re2
 Qd1  0-1

[Event "13th World University Championship - MEN"]
[Site "Katowice"]
[Date "2014.08.22"]
[Round "7"]
[White "Bernasek, Jan"]
[Black "Bukavshin, Ivan"]
[Result "1/2-1/2"]
[LiveChessVersion "1.4.4"]
[BlackElo "2603"]
[WhiteElo "2536"]

1. d4  d5  2. c4  e6
 3. Nc3  c6  4. e3
 Nd7  5. Nf3  Ngf6
 6. Qc2  Bd6  7. Bd3
 O-O  8. O-O  dxc4
 9. Bxc4  b5  10. Bd3
 Bb7  11. a3  h6 
12. Rd1  Qb8  13. e4  e5
 14. h3  a6  15. Be3
 Re8  16. dxe5  Nxe5
 17. Nxe5  Bxe5  18. b4
 a5  19. Rab1  axb4
 20. axb4  Ra3  21. Ne2
 Qa8  22. Bd4  Nd7
 23. Rb3  Ra2  24. Rb2
 Ra3  25. Rb3  Ra2
 26. Rb2  Ra3  27. Rb3
 Ra2 1/2-1/2

[Event "13th World University Championship - MEN"]
[Site "Katowice"]
[Date "2014.08.22"]
[Round "7"]
[White "Grigoryan, Karen H."]
[Black "Yu, Ruiyuan"]
[Result "1/2-1/2"]
[LiveChessVersion "1.4.4"]
[BlackElo "2534"]
[WhiteElo "2595"]

1. Nf3  d5  2. g3  Bg4
 3. Bg2  Nd7  4. c4
 c6  5. cxd5  cxd5
 6. Qb3  Nc5  7. Qd1
 Bxf3  8. Bxf3  Nf6
 9. d4  Nce4  10. O-O
 e6  11. Bg2  h5 
12. f3  Nd6  13. Nc3  Nf5
 14. Qa4+  Qd7  15. Qxd7+
 Nxd7  16. Rd1  Bb4
 17. Nb5  Rc8  18. a3
 Be7  19. e4  Nd6
 20. Nxd6+  Bxd6  21. exd5
 exd5  22. Re1+  Kd8
 23. Bg5+  f6  24. Be3
 Rc2  25. Rab1  Re8
 26. Bf1  Nb6  27. Bd3
 Rc7  28. Bg6  Rh8
 29. Bf2  Nc4  30. Kg2
 Rc6  31. Bf7  Rb6
 32. Bxd5  Nxb2  33. Re2
 Nd3  34. Rxb6  axb6
 35. Be3  Bxa3  36. Be4
 Nb4  37. Bxb7  g6
 38. g4  hxg4  39. fxg4
 Re8  40. Kf3  g5
 41. Be4  Kd7  42. d5
 Kd6  43. Bxb6  Rb8
 44. Bf2  Nxd5  45. Bg3+
 Nf4  46. Bxf4+  gxf4
 47. Kxf4  Bc1+  48. Kf5
 Bg5  49. Ra2  Rb5+
 50. Kg6  Ke5  51. Bf5
 Rb3  52. Re2+  Kd6
 53. Be4  Rh3  54. Kf5
 Rc3  55. Bg2  Rc5+
 56. Kg6  Rc3  57. h3
 Rd3  58. Re8  Rd2
 59. h4  Bf4  60. Rd8+
 Ke7  61. Rxd2  Bxd2
 62. Bd5  Bc3  63. h5
 Kf8  64. h6  Bb2
 65. Bc4  Bc3  66. Bd5
 Bb2  1/2-1/2

[Event "13th World University Championship - MEN"]
[Site "Katowice"]
[Date "2014.08.22"]
[Round "7"]
[White "Swiercz, Dariusz"]
[Black "Sjugirov, Sanan"]
[Result "1/2-1/2"]
[LiveChessVersion "1.4.4"]
[BlackElo "2658"]
[WhiteElo "2611"]

1. d4  d5  2. c4  c6
 3. Nf3  Nf6  4. e3
 g6  5. Nc3  Bg7 
6. Be2  O-O  7. O-O  a6
 8. b3  Ne4  9. Bb2
 Nxc3  10. Bxc3  Bg4
 11. h3  Bxf3  12. Bxf3
 e6  13. Rc1  Nd7
 14. Qc2  Re8  15. Rfd1
 Nf6  16. Be1  Qe7
 17. b4  Red8  18. a4
 Ne8  19. b5  axb5
 20. axb5  Nd6  21. Bb4
 Qd7  22. bxc6  bxc6
 23. cxd5  cxd5  24. Bxd6
 Qxd6  25. Qc7  Bf8
 26. Qxd6  Bxd6  27. Ra1
 Kg7  28. g3  h5 
29. h4  Kf6  30. Kg2  Kg7
 31. Rdc1  Rxa1  32. Rxa1
 Rd7  33. Be2  1/2-1/2